Calculus
Zapisane w:
| 1. autor: | |
|---|---|
| Format: | Książka |
| Język: | hiszpański |
| Wydane: |
Barcelona
Reverte
1989
|
| Wydanie: | 2a. ed |
| Hasła przedmiotowe: | |
| Etykiety: |
Dodaj etykietę
Nie ma etykietki, Dołącz pierwszą etykiete!
|
MARC
| LEADER | 00000nam a2200000 a 4500 | ||
|---|---|---|---|
| 001 | UCV7082 | ||
| 003 | CL-VaPUC | ||
| 005 | 20231128171142.0 | ||
| 008 | 921120e19730000SP |||||||||||||||||spa|d | ||
| 999 | |c 212825 |d 212823 | ||
| 040 | |c Pontificia Universidad Católica de Valparaíso | ||
| 082 | 0 | 4 | |a 515 APO 1989 |2 21 |
| 100 | 0 | |a Apostol, Tom M |e author |9 301093 | |
| 245 | 1 | 0 | |a Calculus |
| 250 | |a 2a. ed | ||
| 260 | |a Barcelona |b Reverte |c 1989 | ||
| 300 | |a 2 v | ||
| 500 | |a v.1: Cálculo con funciones de una variable, con una introducción al álgebra lineal | ||
| 500 | |a v.2: Cálculo con funciones de varias variables y álgebra lineal, con aplicaciones a las ecuaciones diferenciales y a las probabilidades | ||
| 583 | |a last modification |c 20180731 17:33:47 |k Rodrigo Vera | ||
| 650 | 0 | |a Cálculo |9 260234 | |
| 650 | 0 | |a Análisis matemático |9 260146 | |
| 942 | |c BK |2 ddc | ||
| 945 | |d 19921120 00:00:00 |a mfernand | ||
| 952 | |0 0 |1 0 |4 0 |6 515_000000000000000_APO_1973 |7 0 |8 A |9 194482 |a BIBING |b BIBING |d 2019-11-14 |h v.2 |i 2626640 |o 515 APO 1973 |p 2626640 |r 2023-03-02 |w 2019-11-14 |y BK |k EIQ | ||
| 952 | |0 0 |1 0 |4 0 |6 515_000000000000000_APO_1973 |7 0 |8 A |9 194484 |a BIBING |b BIBING |d 2019-11-14 |h v.1 |i 1654217 |o 515 APO 1973 |p 1654217 |r 2023-03-02 |w 2019-11-14 |y BK |k ING | ||
| 952 | |0 0 |1 0 |4 0 |6 515_000000000000000_APO_1973 |7 0 |8 A |9 194485 |a BIBMAT |b BIBMAT |d 2019-11-14 |h v.1 |i 2565757 |l 3 |m 4 |o 515 APO 1973 |p 2565757 |r 2025-01-07 |s 2024-09-05 |w 2019-11-14 |y BK |k MAT | ||
| 952 | |0 0 |1 0 |4 0 |6 515_000000000000000_APO_1973 |7 0 |8 A |9 194486 |a BIBMAT |b BIBMAT |d 2019-11-14 |h v.2 |i 2679167 |o 515 APO 1973 |p 2679167 |r 2025-01-07 |w 2019-11-14 |y BK |k MAT | ||
| 952 | |0 0 |1 0 |4 0 |6 515_000000000000000_APO_1973 |7 0 |8 A |9 194487 |a BIBMAT |b BIBMAT |d 2019-11-14 |h v.1 |i 1309889 |l 2 |m 1 |o 515 APO 1973 |p 1309889 |r 2025-01-07 |s 2024-11-14 |w 2019-11-14 |y BK |k MAT | ||
| 952 | |0 0 |1 0 |4 0 |6 515_000000000000000_APO_1973 |7 0 |8 A |9 194488 |a BIBMAT |b BIBMAT |d 2019-11-14 |h v.1 |i 1309544 |o 515 APO 1973 |p 1309544 |r 2025-01-07 |w 2019-11-14 |y BK |k MAT | ||
| 952 | |0 0 |1 0 |4 0 |6 515_000000000000000_APO_1973 |7 0 |8 A |9 194489 |a BIBMAT |b BIBMAT |d 2019-11-14 |h v.1 |i 1309595 |l 1 |o 515 APO 1973 |p 1309595 |r 2025-01-07 |s 2022-05-05 |w 2019-11-14 |y BK |k MAT | ||
| 952 | |0 0 |1 0 |4 0 |6 515_000000000000000_APO_1973 |7 0 |8 A |9 194490 |a BIBMAT |b BIBMAT |d 2019-11-14 |h v.2 |i 1321633 |o 515 APO 1973 |p 1321633 |r 2025-01-07 |w 2019-11-14 |y BK |k MAT | ||
| 952 | |0 0 |1 0 |4 0 |6 515_000000000000000_APO_1973 |7 0 |8 A |9 194491 |a BIBMEC |b BIBMEC |d 2019-11-14 |h v.1 |i 4166566 |o 515 APO 1973 |p 4166566 |r 2024-01-19 |w 2019-11-14 |y BK |k MEC | ||
| 952 | |0 0 |1 0 |4 0 |6 515_000000000000000_APO_1973 |7 0 |8 A |9 194492 |a BIBMEC |b BIBMEC |d 2019-11-14 |h v.2 |i 4166574 |l 2 |m 7 |o 515 APO 1973 |p 4166574 |r 2024-01-19 |s 2021-11-16 |w 2019-11-14 |y BK |k MEC | ||